Long-range weather forecasts /

Bibliographic Details
Main Author: Garriott, E. B. (Edward Bennett), 1853-1910
Corporate Author: United States. Weather Bureau
Other Authors: Moore, Willis L. (Willis Luther), 1856-1927
Format: Government Document Book
Language:English
Published: Washington, [D.C.] : [Weather Bureau] : G.P.O., 1904.
Series:Bulletin (United States. Weather Bureau : 1892) ; no. 35.
Subjects:

MARC

Tag First Indicator Second Indicator Subfields
LEADER 00000cam a2200000Ia 4500
001 in00002035521
005 20151101053402.0
008 750716s1904 dcua b f000 0 eng d
035 |a (OCoLC)ocm09446799 
040 |a CNO  |c CNO  |d OLA  |d TXA  |d UtOrBLW 
049 |a TXAM 
082 0 4 |a 551.591 
086 |a A 29.3:35 
090 |a QC851  |b .B8 no.35 
100 1 |a Garriott, E. B.  |q (Edward Bennett),  |d 1853-1910. 
245 1 0 |a Long-range weather forecasts /  |c by E.B. Garriott. 
264 1 |a Washington, [D.C.] :  |b [Weather Bureau] :  |b G.P.O.,  |c 1904. 
300 |a 68 pages :  |b illustrations ;  |c 23 cm. 
336 |a text  |b txt  |2 rdacontent 
337 |a unmediated  |b n  |2 rdamedia 
338 |a volume  |b nc  |2 rdacarrier 
490 1 |a Bulletin / U.S. Dept. of Agriculture, Weather Bureau ;  |v no. 35 
500 |a "W.B., number 322." 
500 |a "Prepared under direction of Willis L. Moore, Chief of Weather Bureau." 
500 |a At head of title: W. B., number 294. U. S. Department of Agriculture. Weather Bureau. 
650 0 |a Meteorology. 
650 0 |a Climatology. 
650 0 |a Long-range weather forecasting. 
650 0 |a Weather forecasting. 
700 1 |a Moore, Willis L.  |q (Willis Luther),  |d 1856-1927. 
710 1 |a United States.  |b Weather Bureau. 
830 0 |a Bulletin (United States. Weather Bureau : 1892) ;  |v no. 35. 
948 |a cataloged  |b h  |c 2005/3/15  |d c  |e rrojas 
994 |a C0  |b TXA 
999 |a MARS 
999 f f |s 9be78ae2-842c-32d3-96df-f390e2e40fcd  |i 5ae97b3c-3f1a-3ad5-905c-668229bd514b  |t 0 
952 f f |p normal  |a Texas A&M University  |b College Station  |c Sterling C. Evans Library  |d Evans: US Documents (Annex 5th floor)  |t 0  |e A 29.3:31-44  |h Superintendent of Documents classification  |i unmediated -- volume  |m A14828853416 
952 f f |a Texas A&M University  |b College Station  |c Sterling C. Evans Library  |d Evans: US Documents (Annex 5th floor)  |t 0  |e A 29.3:31-44  |h Superintendent of Documents classification 
998 f f |a A 29.3:31-44  |s no.31,no.35-no.36,no.38-no.44  |t 0  |l Evans: US Documents (Annex 5th floor)